000 00450nam a2200157Ia 4500
008 210716s2011 xx 000 0 und d
020 _a9788125938330
041 _aeng
082 _a657.42 AROM
100 _aArora, M N.
245 _aCost accounting: principles and practice.
_bPrinciples and practice.
250 _a11
260 _aNew Delhi
_bVikas Publishing House Pvt Ltd
_c2011
300 _a13.30,A-26,RPS-55
650 _aCost Accounting
999 _c207521
_d207521